[Event "Bad Woerishofen Sen"]
[Site "Bad Woerishofen"]
[Date "2001.??.??"]
[Round "1"]
[White "Rueggeberg, Wilhelm"]
[Black "Hoeppner, Hans"]
[Result "1-0"]
[WhiteElo "1830"]
[BlackElo "1617"]
[Annotator "ChessOrg"]
[PlyCount "53"]
[EventDate "1998.03.05"]
[Source "ChessBase"]
[SourceDate "1998.04.29"]

1. d4 f5 2. c4 Nf6 3. Nc3 e6 4. Nf3 Be7 5. Qc2 O-O 6. e4 fxe4 7. Nxe4 Nxe4 8.
Qxe4 d5 9. Qc2 Nc6 10. Be3 Bf6 11. Rd1 Ne7 12. Bd3 Nf5 13. O-O h6 14. cxd5 Nxe3
15. fxe3 exd5 16. Bg6 Bg4 17. h3 Bxf3 18. Rxf3 Bg5 19. Rdf1 Rxf3 20. Rxf3 Qe7
21. Bf7+ Kh8 22. Bxd5 Bxe3+ 23. Kh1 Bxd4 24. Bc4 Qe1+ 25. Rf1 Qe5 26. b3 c6 27.
Bd3 1-0

[Event "Bad Woerishofen Sen"]
[Site "Bad Woerishofen"]
[Date "2001.??.??"]
[Round "3"]
[White "Rueggeberg, Wilhelm"]
[Black "Delander, Adolf"]
[Result "0-1"]
[WhiteElo "1830"]
[BlackElo "2266"]
[Annotator "ChessOrg"]
[PlyCount "84"]
[EventDate "1998.03.05"]
[Source "ChessBase"]
[SourceDate "1998.04.29"]

1. d4 d5 2. c4 c6 3. e3 Nf6 4. Nc3 e6 5. Nf3 Nbd7 6. Qc2 Bd6 7. cxd5 exd5 8.
Bd3 O-O 9. O-O h6 10. Bd2 Re8 11. Rab1 Qe7 12. Ne2 Ne4 13. Ng3 Ndf6 14. a3 Bd7
15. b4 a6 16. Rfc1 Nxd2 17. Nxd2 a5 18. Bf5 g6 19. Bxg6 fxg6 20. Qxg6+ Qg7 21.
Qxg7+ Kxg7 22. Rb3 axb4 23. axb4 Kf7 24. Rcb1 Ra2 25. R1b2 Rxb2 26. Rxb2 Ra8
27. f3 Ra4 28. b5 cxb5 29. Ne2 b4 30. h3 Bb5 31. Kf2 Bd3 32. Nc1 Bc4 33. g3 b5
34. e4 dxe4 35. fxe4 Be7 36. g4 Ra3 37. e5 Nd5 38. Nf3 Bg5 39. Nxg5+ hxg5 40.
Kg2 Nf4+ 41. Kf2 Ra1 42. Rc2 Rxc1 0-1

[Event "Bad Woerishofen Sen"]
[Site "Bad Woerishofen"]
[Date "2001.??.??"]
[Round "5"]
[White "Rueggeberg, Wilhelm"]
[Black "Richter, Gerhard"]
[Result "1-0"]
[WhiteElo "1830"]
[BlackElo "1913"]
[Annotator "ChessOrg"]
[PlyCount "81"]
[EventDate "1998.03.05"]
[Source "ChessBase"]
[SourceDate "1998.04.29"]

1. d4 d6 2. c4 f5 3. Nc3 Nf6 4. Nf3 g6 5. e3 Bg7 6. Bd2 O-O 7. Rc1 Qe8 8. d5 c5
9. Be2 Na6 10. O-O h6 11. a3 Bd7 12. h3 b6 13. Qc2 g5 14. Nh2 e5 15. dxe6 Bxe6
16. b3 Nc7 17. Bf3 Rd8 18. Rfd1 b5 19. Ne2 Qd7 20. Ba5 Rb8 21. Ng3 bxc4 22.
bxc4 g4 23. hxg4 fxg4 24. Be2 h5 25. Bc3 h4 26. Ngf1 g3 27. fxg3 Ng4 28. Nxg4
Bxg4 29. Bxg4 Qxg4 30. Bxg7 Qxg7 31. Rxd6 Rf6 32. Rxf6 Qxf6 33. Rb1 Rf8 34. Qe2
Ne6 35. gxh4 Qxh4 36. Nh2 Ng7 37. Rf1 Re8 38. Ng4 Nh5 39. Qf2 Rd8 40. Qf7+ Kh8
41. Ne5 1-0

[Event "Bad Woerishofen Sen"]
[Site "Bad Woerishofen"]
[Date "2001.??.??"]
[Round "6"]
[White "Rueggeberg, Wilhelm"]
[Black "Kleinwaechter, Matthias"]
[Result "0-1"]
[WhiteElo "1830"]
[BlackElo "2041"]
[Annotator "ChessOrg"]
[PlyCount "116"]
[EventDate "1998.03.05"]
[Source "ChessBase"]
[SourceDate "1998.04.29"]

1. d4 Nf6 2. Nf3 g6 3. c4 Bg7 4. Nc3 O-O 5. e4 d6 6. h3 e5 7. d5 Na6 8. Bd3 c6
9. O-O cxd5 10. cxd5 Nc5 11. Bc2 a5 12. Be3 b6 13. Qd2 Nh5 14. Bh6 Ra7 15. Bxg7
Kxg7 16. Rac1 Nf4 17. Qe3 Kh8 18. Rfd1 f5 19. Ne2 Nxe2+ 20. Qxe2 f4 21. Bd3 g5
22. Nh2 Qe8 23. Bb5 Qg6 24. f3 h5 25. Rc3 Rg7 26. Kh1 Rfg8 27. Re1 g4 28. fxg4
hxg4 29. hxg4 Bxg4 30. Nxg4 Qxg4 31. Rh3+ Rh7 32. Rxh7+ Kxh7 33. Qxg4 Rxg4 34.
a3 a4 35. Be2 Rg3 36. Bf3 Kg7 37. Rc1 Kf6 38. Rc3 Ke7 39. Kg1 Kd8 40. Kf1 Kc7
41. Ke2 b5 42. Kf2 Kb6 43. Kf1 Ka5 44. Kg1 Rg8 45. Kf2 Rb8 46. Ke2 b4 47. axb4+
Rxb4 48. Rc2 Rd4 49. Kf1 Kb4 50. Ke1 Rc4 51. Kd1 Rxc2 52. Kxc2 Kc4 53. Kb1 Kd4
54. Ka2 Nxe4 55. Bxe4 Kxe4 56. Ka3 Kxd5 57. Kxa4 e4 58. b4 f3 0-1

[Event "Bad Woerishofen Sen"]
[Site "Bad Woerishofen"]
[Date "2001.??.??"]
[Round "9"]
[White "Rueggeberg, Wilhelm"]
[Black "Hahner, Anton"]
[Result "1-0"]
[WhiteElo "1830"]
[BlackElo "1700"]
[Annotator "ChessOrg"]
[PlyCount "25"]
[EventDate "1998.03.05"]
[Source "ChessBase"]
[SourceDate "1998.04.29"]

1. d4 d5 2. Nf3 Nf6 3. c4 e6 4. Nc3 c5 5. e3 Nc6 6. cxd5 exd5 7. Be2 Be7 8. O-O
O-O 9. dxc5 Bxc5 10. a3 a6 11. Qc2 h6 12. Rd1 Be6 13. Nxd5 1-0

[Event "Bad Woerishofen Sen"]
[Site "Bad Woerishofen"]
[Date "2001.??.??"]
[Round "2"]
[White "Sauer, Rudolf"]
[Black "Hoffmann, Reinhold"]
[Result "0-1"]
[WhiteElo "1684"]
[BlackElo "1880"]
[Annotator "ChessOrg"]
[PlyCount "88"]
[EventDate "1998.03.05"]
[Source "ChessBase"]
[SourceDate "1998.04.29"]

1. d4 d5 2. Nf3 Nf6 3. e3 c6 4. Bd3 Nbd7 5. Nbd2 Qc7 6. e4 dxe4 7. Nxe4 Nxe4 8.
Bxe4 Nf6 9. Bd3 Bg4 10. h3 Bh5 11. g4 Bg6 12. Ne5 Bxd3 13. Qxd3 e6 14. Bg5 Nd5
15. Bh4 Bd6 16. Bg3 f6 17. Nc4 Bxg3 18. fxg3 O-O-O 19. O-O-O c5 20. Qe2 Rhe8
21. dxc5 Qxc5 22. Rhe1 h6 23. Ne3 Nxe3 24. Rxd8+ Rxd8 25. Qxe3 Qxe3+ 26. Rxe3
Rd6 27. c4 e5 28. Kc2 Kc7 29. Re4 Kc6 30. b4 b6 31. a3 a5 32. Re1 Rd4 33. Kc3
axb4+ 34. axb4 b5 35. c5 Kd5 36. Ra1 Rc4+ 37. Kb3 e4 38. Rd1+ Ke5 39. Rd7 e3
40. Rxg7 Ke4 41. Rf7 e2 42. Rxf6 Kd3 43. Rd6+ Rd4 44. Re6 Re4 0-1

[Event "Bad Woerishofen Sen"]
[Site "Bad Woerishofen"]
[Date "2001.??.??"]
[Round "3"]
[White "Sauer, Rudolf"]
[Black "Erler, Klaus-Juergen"]
[Result "1-0"]
[WhiteElo "1684"]
[BlackElo "1750"]
[Annotator "ChessOrg"]
[PlyCount "61"]
[EventDate "1998.03.05"]
[Source "ChessBase"]
[SourceDate "1998.04.29"]

1. d4 d6 2. Nf3 Nf6 3. e3 Bf5 4. c4 c6 5. Bd3 e6 6. Bxf5 Qa5+ 7. Nc3 Qxf5 8.
Qe2 Nbd7 9. e4 Qa5 10. Bd2 Qc7 11. Rc1 Be7 12. O-O O-O 13. e5 dxe5 14. Nxe5
Nxe5 15. Bf4 Nf3+ 16. Qxf3 Bd6 17. Bxd6 Qxd6 18. Rfd1 Qb4 19. b3 Rfd8 20. d5
cxd5 21. cxd5 exd5 22. Nxd5 Nxd5 23. Rxd5 Re8 24. g3 Rac8 25. Rxc8 Rxc8 26. Rd7
Qe1+ 27. Kg2 Qe6 28. Qxb7 Re8 29. Qd5 a6 30. Qxe6 fxe6 31. Ra7 1-0

[Event "Bad Woerishofen Sen"]
[Site "Bad Woerishofen"]
[Date "2001.??.??"]
[Round "6"]
[White "Sauer, Rudolf"]
[Black "Haasper, Peter"]
[Result "1/2-1/2"]
[WhiteElo "1684"]
[BlackElo "1804"]
[Annotator "ChessOrg"]
[PlyCount "65"]
[EventDate "1998.03.05"]
[Source "ChessBase"]
[SourceDate "1998.04.29"]

1. d4 Nf6 2. Nf3 g6 3. e3 Bg7 4. Bd3 d6 5. Nbd2 O-O 6. O-O Nbd7 7. e4 e5 8.
dxe5 dxe5 9. Nb3 c6 10. Bd2 Qc7 11. h3 Re8 12. Rc1 Nf8 13. Re1 Be6 14. Ng5 Bxb3
15. axb3 h6 16. Nf3 Ne6 17. Bf1 Nc5 18. Re3 Ncxe4 19. Be1 Nc5 20. Bb4 Rad8 21.
Qe1 Ncd7 22. Rd1 Nd5 23. Re4 Nxb4 24. Rxb4 Nb6 25. Re4 Rxd1 26. Qxd1 Qd7 27.
Qe1 Qd6 28. Qa5 Qb8 29. Nd2 Nd7 30. Ra4 a6 31. Ne4 Qd8 32. Nd6 Qxa5 33. Rxa5
1/2-1/2

[Event "Bad Woerishofen Sen"]
[Site "Bad Woerishofen"]
[Date "2001.??.??"]
[Round "8"]
[White "Sauer, Rudolf"]
[Black "Neumann, Erwin"]
[Result "1/2-1/2"]
[WhiteElo "1684"]
[BlackElo "1794"]
[Annotator "ChessOrg"]
[PlyCount "88"]
[EventDate "1998.03.05"]
[Source "ChessBase"]
[SourceDate "1998.04.29"]

1. d4 Nf6 2. Nf3 b6 3. g3 e6 4. Bg2 Bb7 5. c4 Be7 6. O-O O-O 7. Nc3 d5 8. cxd5
exd5 9. Bd2 Nbd7 10. Rc1 c5 11. e3 Rc8 12. Re1 a6 13. h3 c4 14. Qc2 b5 15. a3
Re8 16. Nh2 b4 17. axb4 Bxb4 18. Ne2 a5 19. Nc3 Nb6 20. Nf3 Ne4 21. Nxe4 dxe4
22. Nh2 Qd6 23. Ra1 f5 24. Nf1 Bd5 25. Bc3 Qh6 26. Bxb4 axb4 27. Ra5 Qe6 28.
Rea1 c3 29. Rc5 Rxc5 30. dxc5 Bb3 31. Qc1 cxb2 32. Qxb2 Na4 33. Qd4 Rc8 34.
Qxb4 Nxc5 35. Rc1 Qd5 36. Qd4 Rc7 37. Qb4 Na6 38. Qa3 Rxc1 39. Qxc1 Bc4 40. Nd2
Bd3 41. Bf1 Nc5 42. Qb2 Bxf1 43. Qb8+ Kf7 44. Qc7+ Kf6 1/2-1/2

[Event "Bad Woerishofen Sen"]
[Site "Bad Woerishofen"]
[Date "2001.??.??"]
[Round "1"]
[White "Schafroth, Georg"]
[Black "Scheidt, Eugen"]
[Result "1-0"]
[WhiteElo "1700"]
[BlackElo "1927"]
[Annotator "ChessOrg"]
[PlyCount "109"]
[EventDate "1998.03.05"]
[Source "ChessBase"]
[SourceDate "1998.04.29"]

1. d4 Nf6 2. c4 g6 3. Nc3 d5 4. Bf4 Bg7 5. Nf3 c6 6. h3 O-O 7. e3 Nbd7 8. Bd3
dxc4 9. Bxc4 b5 10. Bd3 b4 11. Ne4 Qa5 12. O-O Ba6 13. Nxf6+ Nxf6 14. Qe2 Bxd3
15. Qxd3 Nd7 16. Qe4 Nb6 17. Rfc1 Rac8 18. Rxc6 Rxc6 19. Qxc6 b3 20. a3 Rc8 21.
Qe4 Nd5 22. Bg5 e6 23. Qd3 Qa4 24. Rb1 Bf8 25. Nd2 Rb8 26. Rc1 Kg7 27. e4 Nb6
28. Bf4 Rb7 29. Nxb3 Nd7 30. Rc3 h6 31. Bc1 a6 32. Qe3 Kh7 33. Qf3 Bg7 34. e5
Ra7 35. Qxf7 Rb7 36. Qxe6 Nf8 37. Qd5 Rb5 38. Nc5 Qd1+ 39. Kh2 Qe2 40. Qf3 Qe1
41. Nd3 Qf1 42. b4 Ne6 43. Qe4 Rb8 44. h4 Qd1 45. f3 Rd8 46. Rc4 Qf1 47. Rc6
Rxd4 48. Qe1 Qxd3 49. Rxe6 Qc4 50. Re7 Rxh4+ 51. Kg1 Rd4 52. Bb2 Rd5 53. e6 Qc2
54. Rxg7+ Kh8 55. Rd7+ 1-0

[Event "Bad Woerishofen Sen"]
[Site "Bad Woerishofen"]
[Date "2001.??.??"]
[Round "3"]
[White "Schafroth, Georg"]
[Black "Fels, Karl-Heinz"]
[Result "1/2-1/2"]
[WhiteElo "1700"]
[BlackElo "1850"]
[Annotator "ChessOrg"]
[PlyCount "53"]
[EventDate "1998.03.05"]
[Source "ChessBase"]
[SourceDate "1998.04.29"]

1. d4 Nf6 2. c4 e6 3. Nc3 Bb4 4. Bd2 O-O 5. Nf3 d5 6. a3 Be7 7. cxd5 exd5 8. h3
Re8 9. Bf4 c6 10. e3 Bd6 11. Bxd6 Qxd6 12. Bd3 Nbd7 13. O-O Ne4 14. Qc2 f5 15.
Ne2 g6 16. Nf4 Qf6 17. Ne2 Kh8 18. Qc1 g5 19. Nh2 Nf8 20. f3 Nd6 21. Re1 Ng6
22. g3 Bd7 23. Kg2 Re7 24. Ng1 Rae8 25. Nf1 h5 26. Qd2 Kg7 27. Re2 1/2-1/2

[Event "Bad Woerishofen Sen"]
[Site "Bad Woerishofen"]
[Date "2001.??.??"]
[Round "4"]
[White "Schafroth, Georg"]
[Black "Rueggeberg, Wilhelm"]
[Result "0-1"]
[WhiteElo "1700"]
[BlackElo "1830"]
[Annotator "ChessOrg"]
[PlyCount "78"]
[EventDate "1998.03.05"]
[Source "ChessBase"]
[SourceDate "1998.04.29"]

1. d4 Nf6 2. c4 e6 3. Nc3 d5 4. Bf4 c6 5. Nf3 Nbd7 6. h3 Bb4 7. Nd2 O-O 8. e3
Re8 9. Bd3 e5 10. dxe5 Nxe5 11. Bxe5 Rxe5 12. Nf3 Re8 13. O-O Bxc3 14. bxc3 h6
15. Re1 Be6 16. c5 Qa5 17. Qb1 Qxc5 18. Rc1 Rab8 19. Nd4 Qe7 20. Qc2 Bd7 21.
Re1 Ne4 22. f3 Nd6 23. Re2 Qg5 24. f4 Qg3 25. Kh1 Rxe3 26. Rxe3 Qxe3 27. f5 Ne4
28. Bxe4 dxe4 29. Rf1 Qd3 30. Qc1 Re8 31. Rd1 Qg3 32. Ne2 Qc7 33. f6 e3 34.
fxg7 Bf5 35. Rd4 Kxg7 36. g4 Be4+ 37. Kg1 Bf3 38. Qd1 Bxe2 39. Qxe2 Qg3+ 0-1

[Event "Bad Woerishofen Sen"]
[Site "Bad Woerishofen"]
[Date "2001.??.??"]
[Round "7"]
[White "Schafroth, Georg"]
[Black "Schoen, Siegfried"]
[Result "1/2-1/2"]
[WhiteElo "1700"]
[BlackElo "1539"]
[Annotator "ChessOrg"]
[PlyCount "39"]
[EventDate "1998.03.05"]
[Source "ChessBase"]
[SourceDate "1998.04.29"]

1. d4 d5 2. c4 Nc6 3. Nc3 dxc4 4. e3 Nf6 5. Bxc4 g6 6. Nf3 Bg7 7. O-O O-O 8.
Re1 e6 9. b3 b6 10. Bb2 Bb7 11. Qc2 Nb4 12. Qe2 Bxf3 13. gxf3 c6 14. Rad1 b5
15. Bd3 Nxd3 16. Rxd3 Nd5 17. Ne4 Qa5 18. a3 Qb6 19. Rc1 Rfd8 20. Nc5 1/2-1/2

[Event "Bad Woerishofen Sen"]
[Site "Bad Woerishofen"]
[Date "2001.??.??"]
[Round "2"]
[White "Schampel, Arno"]
[Black "Budde, Reinhard"]
[Result "1-0"]
[WhiteElo "1755"]
[BlackElo "1688"]
[Annotator "ChessOrg"]
[PlyCount "68"]
[EventDate "1998.03.05"]
[Source "ChessBase"]
[SourceDate "1998.04.29"]

1. d4 Nf6 2. c4 g6 3. Nc3 Bg7 4. e4 d6 5. Bd3 O-O 6. Nge2 Nbd7 7. O-O Re8 8.
Qc2 c6 9. h3 a6 10. Bf4 e5 11. Be3 exd4 12. Nxd4 Ne5 13. Be2 Qc7 14. Rad1 b5
15. cxb5 cxb5 16. Qb3 Bb7 17. f3 Rad8 18. Nc2 Ned7 19. Nb4 Nc5 20. Qc2 Ncd7 21.
Rc1 Qa5 22. a3 d5 23. Bg5 Rc8 24. Qd3 Nc5 25. Qd1 dxe4 26. Bxf6 Bxf6 27. fxe4
Qb6 28. Nbd5 Bxd5 29. Nxd5 Rcd8 30. Nxf6+ Qxf6 31. Rxf6 Rxd1+ 32. Rxd1 Nxe4 33.
Rc6 Ng3 34. Bf3 Nf5 1-0

[Event "Bad Woerishofen Sen"]
[Site "Bad Woerishofen"]
[Date "2001.??.??"]
[Round "3"]
[White "Schampel, Arno"]
[Black "Krasinski, Jerzy"]
[Result "0-1"]
[WhiteElo "1755"]
[BlackElo "2200"]
[Annotator "ChessOrg"]
[PlyCount "134"]
[EventDate "1998.03.05"]
[Source "ChessBase"]
[SourceDate "1998.04.29"]

1. d4 d5 2. Nf3 e6 3. c4 Nf6 4. Bg5 Be7 5. e3 O-O 6. Nc3 h6 7. Bh4 c6 8. Bd3
dxc4 9. Bxc4 Nd5 10. Bxe7 Qxe7 11. Rc1 Nd7 12. Bb3 Nxc3 13. Rxc3 e5 14. dxe5
Nxe5 15. Nxe5 Qxe5 16. O-O Be6 17. Qc2 Bf5 18. Qc1 Rad8 19. Rd1 Qf6 20. Bc2
Rxd1+ 21. Bxd1 Rd8 22. Bf3 Qd6 23. h3 Qd2 24. Qxd2 Rxd2 25. Rb3 Rd7 26. Ra3 a6
27. Ra5 Be6 28. b3 Kf8 29. Kf1 Ke7 30. Ke2 Kd6 31. Ra4 Kc5 32. Bg4 f5 33. Bf3
Kb5 34. Rh4 Kc5 35. Ke1 Rd6 36. Be2 b5 37. b4+ Kb6 38. a3 c5 39. bxc5+ Kxc5 40.
Rb4 Bd7 41. Rb2 Bc6 42. f3 a5 43. Rc2+ Kb6 44. Rd2 Rxd2 45. Kxd2 b4 46. axb4
axb4 47. Bc4 Bd7 48. Bb3 Kc5 49. f4 Bc6 50. g3 Bg2 51. h4 Bd5 52. Bc2 Be6 53.
Kd3 b3 54. Bb1 Kb4 55. Kd4 b2 56. e4 fxe4 57. Bxe4 Ba2 58. g4 b1=Q 59. Bxb1
Bxb1 60. Ke5 Bc2 61. f5 Bd1 62. Kf4 Kc5 63. g5 Kd6 64. f6 gxf6 65. Kf5 fxg5 66.
hxg5 h5 67. g6 Bc2+ 0-1

[Event "Bad Woerishofen Sen"]
[Site "Bad Woerishofen"]
[Date "2001.??.??"]
[Round "6"]
[White "Schampel, Arno"]
[Black "Malin, Klaus"]
[Result "1-0"]
[WhiteElo "1755"]
[BlackElo "1616"]
[Annotator "ChessOrg"]
[PlyCount "109"]
[EventDate "1998.03.05"]
[Source "ChessBase"]
[SourceDate "1998.04.29"]

1. d4 d5 2. Nf3 Nf6 3. c4 Bf5 4. Nc3 e6 5. Bg5 Be7 6. e3 O-O 7. cxd5 exd5 8.
Qb3 c6 9. Qxb7 Nbd7 10. Bf4 Qb6 11. Qxb6 axb6 12. Nh4 Be4 13. a3 b5 14. Nxe4
Nxe4 15. Nf5 Bb4+ 16. Ke2 Ba5 17. Rc1 g5 18. Bd6 Nxd6 19. Nxd6 Ra6 20. Nf5 Re8
21. h4 f6 22. hxg5 fxg5 23. Rh6 Nb8 24. Kf3 Bd8 25. Bd3 Ra7 26. Rch1 Rf8 27.
Ke2 Rff7 28. Re6 Rf8 29. Nh6+ Kh8 30. Ng4 Kg8 31. Ne5 Rc7 32. Rhh6 Rb7 33. Nxc6
Nxc6 34. Rxc6 Rff7 35. Rc5 b4 36. a4 Rbd7 37. Bb5 Ra7 38. b3 Kg7 39. Rhc6 h5
40. Rxd5 Bf6 41. Bc4 Rf8 42. Rb5 Be7 43. Rbb6 Bf6 44. Rxb4 h4 45. Be6 Re8 46.
d5 Bb2 47. Rb5 Ree7 48. Bf5 Rf7 49. e4 Rae7 50. Kf3 Bf6 51. Kg4 Rb7 52. Rbb6
Rxb6 53. Rxb6 Rc7 54. d6 Rc2 55. e5 1-0

[Event "Bad Woerishofen Sen"]
[Site "Bad Woerishofen"]
[Date "2001.??.??"]
[Round "8"]
[White "Schampel, Arno"]
[Black "Pukropski, Walter"]
[Result "1-0"]
[WhiteElo "1755"]
[BlackElo "1700"]
[Annotator "ChessOrg"]
[PlyCount "109"]
[EventDate "1998.03.05"]
[Source "ChessBase"]
[SourceDate "1998.04.29"]

1. d4 Nf6 2. c4 d6 3. Nc3 Bf5 4. f3 h6 5. e4 Bh7 6. Bd3 e5 7. Nge2 Be7 8. Be3
O-O 9. O-O Nbd7 10. Rc1 c6 11. Qd2 exd4 12. Nxd4 Nc5 13. Bb1 Nfd7 14. f4 Ne6
15. Rcd1 Qc7 16. Nf3 Nb6 17. b3 Rad8 18. Qf2 Nc8 19. Rd2 Bf6 20. Ne2 Nc5 21.
Bxc5 dxc5 22. Qxc5 Rxd2 23. Nxd2 b6 24. Qf2 Rd8 25. Nf3 Be7 26. Kh1 Bc5 27. Qg3
f6 28. Qg4 Qf7 29. f5 Ne7 30. Nf4 Kh8 31. Ne6 Rd7 32. Nxc5 bxc5 33. e5 Rd8 34.
e6 Qe8 35. Qf4 Nc8 36. Re1 Qe7 37. Be4 Rd6 38. Qe3 Qd8 39. Qxc5 g6 40. g4 gxf5
41. gxf5 Ne7 42. Rg1 Rd1 43. Rxd1 Qxd1+ 44. Ng1 Qd8 45. Qf2 Qa5 46. Qd4 Nxf5
47. Qxf6+ Ng7 48. Qf8+ Bg8 49. e7 Qe5 50. Bxc6 Kh7 51. e8=Q Nxe8 52. Qxe8 Be6
53. Qa8 Bf5 54. Qxa7+ Kg6 55. Qa8 1-0

[Event "Bad Woerishofen Sen"]
[Site "Bad Woerishofen"]
[Date "2001.??.??"]
[Round "2"]
[White "Scheerer, Helmut"]
[Black "Kuehn, Peter"]
[Result "1/2-1/2"]
[WhiteElo "1784"]
[BlackElo "2003"]
[Annotator "ChessOrg"]
[PlyCount "55"]
[EventDate "1998.03.05"]
[Source "ChessBase"]
[SourceDate "1998.04.29"]

1. e4 c5 2. Nf3 e6 3. d4 cxd4 4. Nxd4 Nf6 5. Nc3 d6 6. Be2 a6 7. O-O Nbd7 8.
Nb3 b5 9. a3 Bb7 10. f3 Rc8 11. Be3 Be7 12. Rc1 O-O 13. Qd4 Ne8 14. f4 Bf6 15.
Qd3 Bxc3 16. bxc3 Qc7 17. Bd2 Nc5 18. Nxc5 Qxc5+ 19. Kh1 Qxa3 20. f5 e5 21. Qg3
Kh8 22. Qh4 d5 23. exd5 Nf6 24. Bd3 Qd6 25. c4 e4 26. Be2 bxc4 27. Rb1 Qxd5 28.
Bc3 1/2-1/2

[Event "Bad Woerishofen Sen"]
[Site "Bad Woerishofen"]
[Date "2001.??.??"]
[Round "4"]
[White "Scheerer, Helmut"]
[Black "Schwenke, Norbert"]
[Result "1-0"]
[WhiteElo "1784"]
[BlackElo "1578"]
[Annotator "ChessOrg"]
[PlyCount "111"]
[EventDate "1998.03.05"]
[Source "ChessBase"]
[SourceDate "1998.04.29"]

1. e4 d5 2. exd5 Nf6 3. Bb5+ Bd7 4. Bc4 b5 5. Be2 Nxd5 6. d4 e6 7. Nf3 c5 8. c3
c4 9. Ne5 g6 10. a4 Bg7 11. Nxd7 Qxd7 12. axb5 Qxb5 13. Na3 Qb3 14. Nxc4 Qxd1+
15. Bxd1 O-O 16. Bf3 Rd8 17. O-O Nc6 18. Na5 Nce7 19. c4 Bxd4 20. cxd5 exd5 21.
Nb3 Bf6 22. Nc5 Rac8 23. Nd3 Rc7 24. Bf4 Rb7 25. Be5 Bg5 26. h3 Nc6 27. Rfd1 f6
28. Bf4 Nd4 29. Bg4 h5 30. Bxg5 fxg5 31. Nc5 Rb5 32. Rxd4 Rxc5 33. Bf3 a5 34.
Rad1 Kg7 35. Rxd5 Rdxd5 36. Rxd5 Rxd5 37. Bxd5 Kf6 38. b3 h4 39. Kf1 Ke5 40.
Bf7 Kf6 41. Bc4 Ke5 42. Ke2 Kf4 43. Be6 Ke5 44. Bf7 Kf5 45. Kf3 Kf6 46. Bc4 Kg7
47. Kg4 Kh6 48. Bd3 Kg7 49. Kxg5 Kh8 50. Kxg6 Kg8 51. f4 Kh8 52. f5 Kg8 53. Kf6
Kh7 54. Ke7 Kg8 55. f6 a4 56. f7+ 1-0

[Event "Bad Woerishofen Sen"]
[Site "Bad Woerishofen"]
[Date "2001.??.??"]
[Round "6"]
[White "Scheerer, Helmut"]
[Black "Margraf, Achim"]
[Result "1/2-1/2"]
[WhiteElo "1784"]
[BlackElo "1913"]
[Annotator "ChessOrg"]
[PlyCount "77"]
[EventDate "1998.03.05"]
[Source "ChessBase"]
[SourceDate "1998.04.29"]

1. e4 c5 2. Nf3 e6 3. d4 cxd4 4. Nxd4 a6 5. c4 Qc7 6. Be2 Nf6 7. Nc3 b6 8. O-O
Bb7 9. f3 Bd6 10. f4 Nxe4 11. Nxe4 Bxe4 12. b3 Nc6 13. Nxc6 Qxc6 14. Bf3 Bxf3
15. Qxf3 Qxf3 16. Rxf3 Bc5+ 17. Kf1 Rd8 18. Bb2 f6 19. Re1 Kf7 20. Rd3 d5 21.
Red1 Rc8 22. cxd5 exd5 23. Rxd5 Be3 24. f5 Rhe8 25. Rd7+ Kg8 26. Bd4 Bxd4 27.
R7xd4 Rc5 28. g4 h5 29. h3 hxg4 30. hxg4 Rc2 31. R1d2 Rec8 32. Ke2 Kh7 33. Rxc2
Rxc2+ 34. Rd2 Rxd2+ 35. Kxd2 Kh6 36. Ke3 Kg5 37. Kf3 Kh4 38. Kf4 a5 39. a4
1/2-1/2

[Event "Bad Woerishofen Sen"]
[Site "Bad Woerishofen"]
[Date "2001.??.??"]
[Round "8"]
[White "Scheerer, Helmut"]
[Black "Duer, Maria"]
[Result "1/2-1/2"]
[WhiteElo "1784"]
[BlackElo "1855"]
[Annotator "ChessOrg"]
[PlyCount "33"]
[EventDate "1998.03.05"]
[Source "ChessBase"]
[SourceDate "1998.04.29"]

1. e4 c5 2. Nf3 d6 3. d4 cxd4 4. Nxd4 Nf6 5. Nc3 a6 6. Be2 e6 7. Be3 Be7 8. O-O
O-O 9. Qd2 Qc7 10. f4 Nc6 11. Nb3 b5 12. Bf3 Bb7 13. Qf2 Rac8 14. Rac1 Rfe8 15.
Rfd1 Bf8 16. a3 Nd7 17. Kh1 1/2-1/2

[Event "Bad Woerishofen Sen"]
[Site "Bad Woerishofen"]
[Date "2001.??.??"]
[Round "2"]
[White "Scheidt, Eugen"]
[Black "Richter, Gerhard"]
[Result "0-1"]
[WhiteElo "1927"]
[BlackElo "1913"]
[Annotator "ChessOrg"]
[PlyCount "86"]
[EventDate "1998.03.05"]
[Source "ChessBase"]
[SourceDate "1998.04.29"]

1. e4 d6 2. d4 Nf6 3. Nc3 c6 4. a4 Qa5 5. Qd2 e5 6. d5 Na6 7. Bxa6 Qxa6 8. Nge2
cxd5 9. exd5 Be7 10. O-O O-O 11. Kh1 Qc4 12. b3 Qh4 13. f3 Bf5 14. Ng3 Bg6 15.
Nce2 a6 16. Bb2 Nd7 17. Qd1 f5 18. c3 f4 19. Ne4 Bxe4 20. fxe4 Nf6 21. g3 fxg3
22. Nxg3 Nxe4 23. Nxe4 Qxe4+ 24. Kg1 Rxf1+ 25. Qxf1 Rf8 26. Qg2 Qe3+ 27. Kh1
Rf2 28. Qg4 Qf3+ 29. Qxf3 Rxf3 30. Rd1 Rf2 31. Bc1 Rc2 32. Bd2 h6 33. b4 g5 34.
a5 Kg7 35. Kg1 g4 36. Kh1 Kg6 37. Kg1 Bg5 38. Bxg5 Kxg5 39. Rd3 e4 40. Rd4 Kf4
41. Rd1 Rxc3 42. Rf1+ Rf3 43. Rc1 Rb3 0-1

[Event "Bad Woerishofen Sen"]
[Site "Bad Woerishofen"]
[Date "2001.??.??"]
[Round "4"]
[White "Scheidt, Eugen"]
[Black "Nefzger, Franz"]
[Result "1-0"]
[WhiteElo "1927"]
[BlackElo "1653"]
[Annotator "ChessOrg"]
[PlyCount "63"]
[EventDate "1998.03.05"]
[Source "ChessBase"]
[SourceDate "1998.04.29"]

1. e4 e6 2. d4 d5 3. Nc3 Nf6 4. Bg5 Be7 5. Bxf6 Bxf6 6. e5 Be7 7. Qg4 O-O 8.
O-O-O Nd7 9. f4 c5 10. dxc5 Bxc5 11. Nf3 f5 12. Qg3 Be7 13. h4 Nc5 14. Nd4 a6
15. h5 Qe8 16. h6 g6 17. Be2 Qf7 18. Kb1 Bd7 19. Bf3 Kh8 20. Nce2 Qg8 21. Qf2
Ne4 22. Bxe4 fxe4 23. Qe3 Rac8 24. Nb3 Bb5 25. Ned4 Bc5 26. Nxc5 Rxc5 27. Nxe6
Rcc8 28. Nxf8 Qxf8 29. Rxd5 Bc6 30. Rd6 Qe7 31. Rhd1 Qh4 32. Qh3 1-0

[Event "Bad Woerishofen Sen"]
[Site "Bad Woerishofen"]
[Date "2001.??.??"]
[Round "6"]
[White "Scheidt, Eugen"]
[Black "Barlo, Werner"]
[Result "1-0"]
[WhiteElo "1927"]
[BlackElo "1703"]
[Annotator "ChessOrg"]
[PlyCount "91"]
[EventDate "1998.03.05"]
[Source "ChessBase"]
[SourceDate "1998.04.29"]

1. e4 c5 2. Nf3 Nc6 3. d4 cxd4 4. Nxd4 g6 5. c4 Bg7 6. Be3 Nf6 7. Nc3 Qa5 8.
Nb3 Qc7 9. Be2 d6 10. O-O O-O 11. f3 b6 12. Rc1 Bb7 13. Qd2 Rfd8 14. Bh6 Bh8
15. f4 Qd7 16. h3 e6 17. Rcd1 e5 18. Bg5 Ne7 19. fxe5 Nxe4 20. Nxe4 Bxe4 21.
Qxd6 Qxd6 22. exd6 Nf5 23. Bxd8 Rxd8 24. Rd2 Be5 25. Bf3 Bxf3 26. Rxf3 Bxd6 27.
Rfd3 Re8 28. Rxd6 Nxd6 29. Rxd6 Rc8 30. Rd4 Rc7 31. Kf2 f5 32. h4 Kf7 33. Ke3
Kf6 34. g3 h6 35. Nd2 g5 36. Rd6+ Kg7 37. h5 Re7+ 38. Kf3 Rf7 39. b4 f4 40. g4
Re7 41. Ne4 Rc7 42. c5 bxc5 43. bxc5 Rb7 44. c6 Rb1 45. c7 Rc1 46. Rd7+ 1-0

[Event "Bad Woerishofen Sen"]
[Site "Bad Woerishofen"]
[Date "2001.??.??"]
[Round "8"]
[White "Scheidt, Eugen"]
[Black "Schratzenstaller, Andreas"]
[Result "1-0"]
[WhiteElo "1927"]
[BlackElo "1756"]
[Annotator "ChessOrg"]
[PlyCount "47"]
[EventDate "1998.03.05"]
[Source "ChessBase"]
[SourceDate "1998.04.29"]

1. e4 d5 2. exd5 Qxd5 3. Nc3 Qa5 4. Nf3 Nf6 5. Be2 e6 6. O-O c5 7. d4 a6 8. d5
Qc7 9. Re1 Bd6 10. dxe6 Bxe6 11. Bc4 O-O 12. Bxe6 fxe6 13. Rxe6 Rd8 14. Qe2 Nc6
15. Bg5 Nd4 16. Nxd4 cxd4 17. Bxf6 gxf6 18. Ne4 Bxh2+ 19. Kh1 Be5 20. Nxf6+
Bxf6 21. Rxf6 Rd6 22. Qg4+ Kh8 23. Qf4 Rc6 24. Rf8+ 1-0